000 00559nam a22001817a 4500
003 SISC
005 20160405131120.0
008 130831t xxu||||| |||| 00| 0 eng d
020 _a9789719901301X
050 _aHF 5635
_b.Ad243 1985
082 _aHS 657.044
_bLIM 1985
100 _aLim, Juan D.
_916007
245 _aIntroduction to accounting :
_c Juan D. Lim.
_bprinciples and procedures /
260 _aValenzuela, Metro Manila :
_bTru-Copy Printing Press Inc,
_cc1985.
300 _a237 p. ;
_bill. ;
_c23 cm.
942 _2lcc
_cBK
999 _c10114
_d10114